| 000 | 00323nam a2200121Ia 4500 | ||
|---|---|---|---|
| 008 | 220120s9999||||xx |||||||||||||| ||und|| | ||
| 082 | _a823 LON | ||
| 100 |
_aLondon, Jack _911899 |
||
| 245 | 4 | _aThe call of the wild | |
| 260 |
_aHeinemann Elt _bNew Delhi _c1985 |
||
| 300 |
_aXII,658p.;28cm _b399 |
||
| 650 | _aCOMPUTER NETWORK | ||
| 999 |
_c137438 _d137438 |
||